Statystyki dla Kto strzelił więcej goli w... #2

Kliknij tutaj aby rozwiązać quiz!

Ogólne statystyki

  • Ten quiz został rozwiązany 563 razy
  • Średni wynik to 6 z 12

Statystyki odpowiedzi

ZagadnienieOdpowiedź% Poprawnych
Kto strzelił więcej goli w Liverpoolu ?Luis Suarez
79%
Kto strzelił więcej goli w Lidze Europy ?Falcao
78%
Kto strzelił więcej goli w Atletico Madryt ?Koke
57%
Kto strzelił więcej goli w Reprezentacji Polski U-21 ?Mariusz Stepinski
57%
Kto strzelił więcej goli w Reprezentacji Anglii ?Frank Lampard
54%
Kto strzelił więcej goli w Legii Warszawa ?Danijel Ljuboja
53%
Kto strzelił więcej goli w Chelsea ?Nicolas Anelka
44%
Kto strzelił więcej goli w Fortuna 1 Liga ?Dariusz Zjawinski
42%
Kto strzelił więcej goli w Reprezentacji Niemiec ?André Schürrle
39%
Kto strzelił więcej goli w Juventusie ?Paulo Dybala
36%
Kto strzelił więcej goli w Arsenalu ?Mesut Özil
27%
Kto strzelił więcej goli w mistrzostwach Europy ?Robert Lewandowski
16%

Rozkład punktacji

Percentyl według liczby udzielonych odpowiedzi

Procent ludzi z każdym wynikiem

Twoja historia wyników

Nie rozwiązałeś tego quizu